000 00763nam a22002057a 4500
999 _c13397
_d13397
003 AR-CdUCM
008 190415b ||||| |||| 00| 0 spa d
040 _aMUNICIPALIDAD PROVINCIAL DEL CUSCO
_cBIBLIOTECA MUNICIPAL DEL CUSCO
082 _aC / 985.093 /
_bP458
110 _aOficina Central de Información
_931807
245 _aPlan de gobierno Túpac Amaru :
_bDecreto Supremo Nº 020-77-PM /
260 _aLima :
_bEditora Perú.
_c1977.
300 _a55 paginas ;
_c22 cm.
505 _aContenido :Estructura política -- Desarrollo regional -- Planificación -- Reforma de la empresa -- Industrias...
650 _aPerú
_935
650 _aGobierno revolucionario
_917656
650 _aHistoria
_9136
942 _2ddc
_cLIBROS
945 _awnts
_d2019-04-15